000 00848 a2200241 4500
005 20180312141951.0
008 131105s2001 sp a br|||| 00| 0 spa d
020 _a8434837013
040 _aCO-BoUCM
_bspa
_cJose A. Gerena
_dDiana Londoño
041 0 0 _aspa
100 1 _aMachado, Ana María
_939710
245 1 3 _aLa abuelita aventurera
_cAna María Machado ; ilustraciones de Manuel Barbadillo
250 _a12a Ed
260 _c2001
_bSM
_aMadrid (España)
300 _a61 páginas
_bilustraciones a color
490 _aEl barco de vapor
_v45
650 7 _918684
_aLiteratura infantil española
650 7 _937305
_aCuentos ilustrados para niños
690 _942863
_aLiteratura europea
700 1 _aBarbadillo, Manuel
_eilustrador
_949810
942 _a18
_cLIBRO
_e12
_mM149
_2DEWEY
_h868.64
_n0
999 _c183349
_d183349